00376nam a2200121 a 450000500170000000800410001705000240005810000170008224500480009926000450014744000450019265000170023720140414132059.0100524s19uu xx 00 eng d aREF 551.4bB35 1993 aBailey, Jill aThe illustrated dictionary of oceanography. aWiltshire, UK :bMerlion pub ltd,c1993. aThe illustrated dictionaries of science. aOceanography